Les chateaux français les plus populaires - Statistiques

Statistiques générales
  • Ce quiz a été pris 228 fois
  • Le résultat moyen est 9 sur 20
Statistiques - réponses
Par images Hint Réponse % Correct
1/ 78 Château de {Versailles}
98%
2/ 41 Château de {Chambord}
92%
3/ 37 Château de {Chenonceau}
80%
17/ 41 Château de {Blois}
58%
11/ 11 Cité de {Carcassonne}
56%
9/ 77 Château de {Fontainebleau}
51%
19/ 49 Château d' {Angers}
50%
18/ 37 Château d' {Amboise}
47%
12/ 37 Château d' {Azay-le-Rideau}
46%
6/ 41 Château de {Cheverny}
46%
15/ 13 Château d' {If}
43%
7/ 60 Château de {Chantilly}
41%
5/ 77 Château de {Vaux-le-Vicomte}
37%
13/ 94 Château de {Vincennes}
35%
8/ 37 Château de {Villandry}
34%
16/ 44 Château des {ducs de Bretagne}
29%
14/ 67 Château du {Haut-Koenigsbourg}
26%
4/ 60 Château de {Pierrefonds}
25%
10/ 41 Château de {Chaumont-sur-Loire}
14%
20/ 24 Château de {Beynac}
7%
Aucun quiz correspondant
Distribution des résultats
% des personnes avec chaque résultat
Percentile par nombre de réponses
Votre historique - résultats
Vous n’avez pas pris ce quiz